Statystyki dla Flagi wszystkich państw świata (Bardzo Trudne)

Kliknij tutaj aby rozwiązać quiz!

Ogólne statystyki

  • Ten quiz został rozwiązany 58 razy
    (21 od ostatniego zresetowania)
  • Średni wynik to 97 z 297

Statystyki odpowiedzi

Odpowiedź% Poprawnych
Niger
69%
Afganistan
62%
Bahrajn
62%
Nepal
62%
Walia
62%
Barbados
54%
Chorwacja
54%
Gibraltar
54%
Katar
54%
Kirgistan
54%
Niemcy
54%
Panama
54%
Polska
54%
Rosja
54%
San Marino
54%
Stany Zjednoczone
54%
Urugwaj
54%
Armenia
46%
Aruba
46%
Azerbejdżan
46%
Bonaire
46%
Bułgaria
46%
Czechy
46%
Dżibuti
46%
Egipt
46%
Francja
46%
Grenada
46%
Gujana
46%
Indie
46%
Indonezja
46%
Izrael
46%
Jamajka
46%
Japonia
46%
Jemen
46%
Komory
46%
Korea Południowa
46%
Lesotho
46%
Libia
46%
Macedonia Północna
46%
Madagaskar
46%
Majotta
46%
Malta
46%
Naddniestrze
46%
Nigeria
46%
Nowa Zelandia
46%
Oman
46%
Peru
46%
Republika Południowej Afryki
46%
Republika Zielonego Przylądka
46%
Sri Lanka
46%
Szkocja
46%
Turcja
46%
Turkmenistan
46%
Tuvalu
46%
Watykan
46%
Wenezuela
46%
Wielka brytania
46%
Wyspy Alandzkie
46%
Wyspy Cooka
46%
Wyspy Kokosowe
46%
Wyspy Marshalla
46%
Zimbabwe
46%
Abchazja
38%
Anglia
38%
Angola
38%
Anguilla
38%
Arabia Saudyjska
38%
Australia
38%
Bangladesz
38%
Belgia
38%
Bermudy
38%
Bhutan
38%
Brunei
38%
Burkina Faso
38%
Burundi
38%
Chiny
38%
Cypr Północny
38%
Czarnogóra
38%
Dania
38%
Demokratyczna Republika Konga
38%
Ekwador
38%
Erytrea
38%
Etiopia
38%
Fidżi
38%
Filipiny
38%
Gambia
38%
Grecja
38%
Grenlandia
38%
Gruzja
38%
Guam
38%
Guernsey
38%
Gwadelupa
38%
Gwinea
38%
Holandia
38%
Hong kong
38%
Irak
38%
Iran
38%
Jordania
38%
Kamerun
38%
Kazachstan
38%
Kenia
38%
Kongo
38%
Kuba
38%
Kuwejt
38%
Laos
38%
Luksemburg
38%
Makau
38%
Malediwy
38%
Mali
38%
Mikronezja
38%
Mołdawia
38%
Nikaragua
38%
Niue
38%
Norwegia
38%
Nowa Kaledonia
38%
Palestyna
38%
Papua-Nowa Gwinea
38%
Republika Środkowoafrykańska
38%
Rwanda
38%
Saint Vincent i Grenadyny
38%
Samoa
38%
Senegal
38%
Seszele
38%
Sierra Leone
38%
Słowacja
38%
Somalia
38%
Sudan
38%
Sudan Południowy
38%
Syria
38%
Szwecja
38%
Tanzania
38%
Timor Wschodni
38%
Togo
38%
Tokelau
38%
Tonga
38%
Tunezja
38%
Uganda
38%
Uzbekistan
38%
Wietnam
38%
Włochy
38%
Wybrzeże Kości Słoniowej
38%
Wyspa Man
38%
Wyspy Bożego Narodzenia
38%
Wyspy Owcze
38%
Zambia
38%
Albania
31%
Algieria
31%
Andora
31%
Antigua i Barbuda
31%
Austria
31%
Bahamy
31%
Bawaria
31%
Belize
31%
Benin
31%
Białoruś
31%
Boliwia
31%
Bośnia i Hercegowina
31%
Botswana
31%
Chile
31%
Curaçao
31%
Cypr
31%
Czad
31%
Dominikana
31%
Eswatini
31%
Finlandia
31%
Gabon
31%
Gujana Francuska
31%
Gwinea Bissau
31%
Gwinea Równikowa
31%
Haiti
31%
Hiszpania
31%
Honduras
31%
Irlandia
31%
Irlandia Północna
31%
Islandia
31%
Jersey
31%
Kambodża
31%
Kanada
31%
Kiribati
31%
Kolumbia
31%
Kostaryka
31%
Liban
31%
Liechtenstein
31%
Litwa
31%
Łotwa
31%
Malawi
31%
Maroko
31%
Mauretania
31%
Mauritius
31%
Meksyk
31%
Mjanma
31%
Monako
31%
Mongolia
31%
Mozambik
31%
Namibia
31%
Norfolk
31%
Osetia
31%
Pakistan
31%
Palau
31%
Paragwaj
31%
Portoryko
31%
Portugalia
31%
Rumunia
31%
Saba
31%
Sahara Zachodnia
31%
Saint Lucia
31%
Saint-Martin
31%
Samoa Amerykańskie
31%
Serbia
31%
Singapur
31%
Słowenia
31%
Surinam
31%
Szwajcaria
31%
Tadżykistan
31%
Tajwan
31%
Turks i Caicos
31%
Tybetański Region Autonomiczny
31%
Ukraina
31%
Vanuatu
31%
Wallis i Futuna
31%
Wyspy Dziewicze Stanów Zjednoczonych
31%
Wyspy Salomona
31%
Zjednoczone Emiraty Arabskie
31%
Adżaria
23%
Argentyna
23%
Brazylia
23%
Brytyjskie Terytorium Oceanu Indyjskiego
23%
Dominika
23%
Estonia
23%
Ghana
23%
Gwatemala
23%
Katalonia
23%
Korea Północna
23%
Kosowo
23%
Kraj Basków
23%
Kurdystan
23%
Liberia
23%
Malezja
23%
Mariany Północne
23%
Mordowia
23%
Nauru
23%
Pitcairn
23%
Saint Kitts i Nevis
23%
Salwador
23%
Sardynia
23%
Somaliland
23%
Sycylia
23%
Tajlandia
23%
Trynidad i Tobago
23%
Węgry
23%
Wyspa Wielkanocna
23%
Wyspy Świętego Tomasza i Książęca
23%
Adygeja
15%
Brytyjskie Wyspy Dziewicze
15%
Buriacja
15%
Dagestan
15%
Gagauzja
15%
Hokkaido
15%
Karelia
15%
Montserrat
15%
Polinezja Francuska
15%
Reunion
15%
Saint-Barthélemy
15%
Saint-Pierre i Miquelon
15%
Sint Maarten
15%
Tuwa
15%
Udmurcja
15%
Wojwodina
15%
Wyspa Świętej Heleny
15%
Zanzibar
15%
Czeczenia
8%
Czuwaszja
8%
Falklandy
8%
Francuskie Terytoria Południowe i Antarktyczne
8%
Inguszetia
8%
Jakucja
8%
Kabardo-Bałkaria
8%
Kałmucja
8%
Karakałpacja
8%
Komi
8%
Martynika
8%
Sinciang
8%
Tatarstan
8%
Tristan da Cunha
8%
Ałtaj
0%
Baszkortostan
0%
Chakasja
0%
Dolina Aosty
0%
Friuli-Wenecja Julijska
0%
Kajmany
0%
Karaczajo-Czerkiesja
0%
Mari El
0%
Okinawa
0%
Oksytania
0%
Sint Eustatius
0%
Trydent-Górna Adyga
0%
Wyspa Wniebowstąpienia
0%

Rozkład punktacji

Percentyl według liczby udzielonych odpowiedzi

Procent ludzi z każdym wynikiem

Twoja historia wyników

Nie rozwiązałeś tego quizu od ostatniego zresetowania